000 01198cam a2200349 a 4500
001 820327
003 ARRUPE
005 20131105172645.0
008 900313s1990 miu b 000 0deng
010 _a 88036544
020 _a0879076054
020 _a0879074051 (pbk.)
035 _a(OCoLC)19065168
035 _a(OCoLC)ocm19065168
035 _a(CStRLIN)NYCG90-B17002
035 _a(NNC)820327
040 _dCSt
_dCoFS
_cDLC
041 1 _aeng
_hfre
050 0 _aB765.B54
_bL3513 1989
100 1 _aLeclercq, Jean,
_d1911-1993.
_93344
240 1 0 _aNouveau visage de Bernard de Clairvaux.
_lEnglish
245 1 2 _aA second look at Bernard of Clairvaux /
_cby Jean Leclercq ; translated by Marie-Bernard Said.
260 _aKalamazoo, Mich. :
_bCistercian Publications,
_c1990.
300 _axv, 150 p. ;
_c23 cm.
490 1 _aCisterian studies series ;
_vno. 105
500 _aTranslation of: Nouveau visage de Bernard de Clairvaux.
504 _aIncludes bibliographical references.
600 0 0 _aBernard,
_cof Clairvaux, Saint,
_d1090 or 1091-1153
_xPsychology.
_93345
830 0 _aCistercian studies series ;
_vno. 105.
_93346
942 _2lcc
_cMONOGRAPH
999 _c118532
_d118532